000 01054cam a22003015a 4500
001 013354643
003 OSt
005 20170424115211.0
008 051007t2004 njua frb 001 0 eng d
020 _a0691126275 (pbk.)
020 _a9780691174051
040 _aStDuBDS
_beng
_dEG-ScBUE
_dEG-ScBUE
082 0 4 _a320.9
_bWOL
_222
100 1 _aWolin, Sheldon S.
_938850
245 1 0 _aPolitics and vision :
_bcontinuity and innovation in Western political thought /
_cSheldon S. Wolin ; forward by Wendy Brown.
250 _aExpanded ed.
260 _aPrinceton ;
_aWoodstock :
_bPrinceton University Press,
_cc.2004.
300 _axxiv, 761 p. ;
_c24 cm.
500 _aIndex : p. 741-761.
504 _aBibliography : p. 607-739.
650 7 _aPolitical science
_xHistory.
_2BUEsh
_99516
650 0 _aPolitical science
_xPhilosophy
_xHistory.
_2BUEsh
651 _2BUEsh
653 _bBUSBOL
_cApril2015
_cDecember2015
_cApril2017
655 _vReading book
_934232
700 1 _aBrown, Wendy,
_eauthor of introduction, etc.
942 _2ddc
_k320.9 WOL
999 _c20516
_d20488